[Event "Mondiale Lampo FIDE 2019"]
[Site "Mosca"]
[Date "29.12.2019"]
[Round "12.71"]
[White "Can, Emre"]
[Black "Pashikian, Arman"]
[Result "1-0"]
[WhiteTitle "GM"]
[BlackTitle "GM"]
[WhiteElo "2600"]
[BlackElo "2605"]
[WhiteFideId "6302181"]
[BlackFideId "13301578"]
[EventDate "2019.12.29"]

1. e4 e5 2. Nf3 Nc6 3. Bc4 Bc5 4. O-O Nf6 5. d3 d6 6. c3 a6 7. a4 h6 8. Re1 O-O
9. h3 a5 10. Nbd2 Be6 11. b3 Re8 12. Bb5 Bd7 13. Bb2 Ba7 14. d4 exd4 15. cxd4
Nb4 16. Bf1 c6 17. e5 dxe5 18. dxe5 Nfd5 19. Ne4 Bf5 20. Qd2 Re6 21. Rad1 Rg6
22. Kh2 Qe7 23. Ng3 Be6 24. Nd4 Rd8 25. f4 Qh4 26. Nge2 Qf2 27. Nxe6 fxe6 28.
Bd4 Bxd4 29. Qxd4 Qxd4 30. Nxd4 Nxf4 31. g3 Nfd5 32. h4 Rf8 33. Rd2 h5 34. Bh3
Nc7 35. Kg2 Nbd5 36. Kh2 Rh6 37. Ree2 g5 38. hxg5 Rg6 39. Rf2 Rxf2+ 40. Rxf2
Rxg5 41. Nxe6 Rxe5 42. Rf8+ Kh7 43. Nxc7 Re2+ 44. Kg1 Nxc7 45. Rf7+ Kg6 46. Rxc7
Re3 47. Rxb7 Rxg3+ 48. Bg2 h4 49. Kh2 Rc3 50. Rb6 Kg5 51. Bxc6 Kg4 52. Bd7+ Kf4
53. Be6 Rc2+ 54. Kh3 Rc1 55. Bc4 Rh1+ 56. Kg2 Rc1 57. Rb5 Rc3 58. Rxa5 h3+ 59.
Kh2 Kg4 60. Re5 Rc2+ 61. Re2 Rc1 62. Ra2 1-0

[Event "Mondiale Lampo FIDE 2019"]
[Site "Mosca"]
[Date "29.12.2019"]
[Round "12.72"]
[White "Belov, Vladimir"]
[Black "Kazakouski, Valery"]
[Result "1-0"]
[WhiteTitle "GM"]
[BlackTitle "IM"]
[WhiteElo "2598"]
[BlackElo "2485"]
[WhiteFideId "4132394"]
[BlackFideId "13507443"]
[EventDate "2019.12.29"]

1. d4 Nf6 2. c4 e6 3. Nf3 d5 4. Nc3 Bb4 5. Qa4+ Nc6 6. a3 Bxc3+ 7. bxc3 Ne4 8.
e3 Nxc3 9. Qc2 Ne4 10. Bd3 f5 11. O-O O-O 12. Rb1 Rb8 13. a4 Bd7 14. Ba3 Rf6 15.
Rfc1 Rg6 16. Bf1 b6 17. cxd5 exd5 18. Bb5 Qe8 19. Qa2 Nf6 20. Bxc6 Bxc6 21. Ne5
Ne4 22. f3 Ng5 23. Nxg6 hxg6 24. Qf2 Rc8 25. a5 Bb5 26. axb6 axb6 27. h4 Ne6 28.
Qg3 Bc4 29. Re1 Qa4 30. Be7 Kf7 31. Bg5 Re8 32. Bf4 Qd7 33. Be5 Nd8 34. h5 Re6
35. e4 dxe4 36. fxe4 f4 37. Qxf4+ Kg8 38. d5 Re8 39. hxg6 Qe7 40. Bd4 Rf8 41.
Qh2 1-0

[Event "Mondiale Lampo FIDE 2019"]
[Site "Mosca"]
[Date "29.12.2019"]
[Round "12.73"]
[White "Bologan, Victor"]
[Black "Deviatkin, Andrei"]
[Result "1-0"]
[WhiteTitle "GM"]
[BlackTitle "GM"]
[WhiteElo "2574"]
[BlackElo "2436"]
[WhiteFideId "13900048"]
[BlackFideId "4121260"]
[EventDate "2019.12.29"]

1. e4 c6 2. Nf3 d5 3. Nc3 Bg4 4. Be2 e6 5. h3 Bh5 6. d4 dxe4 7. Nxe4 Nd7 8. Bf4
Ndf6 9. Ng3 Bxf3 10. Bxf3 Bd6 11. Be3 Qc7 12. Ne4 Nxe4 13. Bxe4 Nf6 14. Bf3 Bf4
15. Qd2 Bxe3 16. fxe3 e5 17. c3 e4 18. Bd1 O-O-O 19. O-O h5 20. Qf2 h4 21. Bb3
Rd7 22. Qf4 Re7 23. Rae1 Qxf4 24. Rxf4 Nd5 25. Rf5 g6 26. Rg5 Rd8 27. Rg4 f5 28.
Rxg6 f4 29. Bxd5 cxd5 30. exf4 Rf7 31. Rg4 Rh8 32. Kf2 Rf5 33. Ke3 Rhf8 34. Rxh4
R8f7 35. Rf1 Kd7 36. g4 R5f6 37. f5 Rb6 38. Rf2 Ra6 39. a3 Ke7 40. g5 Rb6 41.
f6+ Ke6 42. Rhf4 Rh7 43. h4 1-0

[Event "Mondiale Lampo FIDE 2019"]
[Site "Mosca"]
[Date "29.12.2019"]
[Round "12.74"]
[White "Novikov, Stanislav"]
[Black "Aravindh, Chithambaram VR."]
[Result "0-1"]
[WhiteTitle "GM"]
[BlackTitle "GM"]
[WhiteElo "2531"]
[BlackElo "2605"]
[WhiteFideId "4125371"]
[BlackFideId "5072786"]
[EventDate "2019.12.29"]

1. e4 e5 2. Nf3 Nc6 3. Bb5 a6 4. Bxc6 dxc6 5. O-O f6 6. d4 exd4 7. Nxd4 c5 8.
Ne2 Qxd1 9. Rxd1 Be6 10. Nbc3 Ne7 11. Bf4 Rc8 12. Bg3 g5 13. Rd2 h5 14. h4 Bh6
15. f4 gxf4 16. Bxf4 Ng6 17. Bxh6 Rxh6 18. g3 Ne5 19. Rdd1 b5 20. Nf4 Bg4 21.
Rd5 c6 22. Rxc5 Nd7 23. Rf5 Ne5 24. Kf2 Rd8 25. Rxe5+ fxe5 26. Nd3 Rf6+ 27. Kg2
c5 28. Kg1 Rf3 0-1

[Event "Mondiale Lampo FIDE 2019"]
[Site "Mosca"]
[Date "29.12.2019"]
[Round "12.75"]
[White "Iljiushenok, Ilia"]
[Black "Lobanov, Sergei"]
[Result "1-0"]
[WhiteTitle "GM"]
[BlackTitle "IM"]
[WhiteElo "2521"]
[BlackElo "2504"]
[WhiteFideId "24105074"]
[BlackFideId "24183750"]
[EventDate "2019.12.29"]

1. e4 c6 2. d4 d5 3. e5 Bf5 4. Nc3 e6 5. g4 Bg6 6. Nge2 c5 7. h4 h5 8. Nf4 Bh7
9. Nxh5 Nc6 10. dxc5 Bxc5 11. Bg5 Qb6 12. Nxg7+ Kf8 13. Nxe6+ fxe6 14. Qf3+ Ke8
15. O-O-O Nxe5 16. Bb5+ Qxb5 17. Qg3 Bd6 18. Nxb5 Nd3+ 19. Rxd3 Bxg3 20. Rxg3
Kd7 21. Rc3 Rc8 22. Rxc8 Kxc8 23. Nd6+ 1-0

[Event "Mondiale Lampo FIDE 2019"]
[Site "Mosca"]
[Date "29.12.2019"]
[Round "12.76"]
[White "Kim, Alexey"]
[Black "Piorun, Kacper"]
[Result "1-0"]
[WhiteTitle "GM"]
[BlackTitle "GM"]
[WhiteElo "2464"]
[BlackElo "2611"]
[WhiteFideId "4129776"]
[BlackFideId "1130420"]
[EventDate "2019.12.29"]

1. e4 e5 2. Nf3 Nc6 3. Bc4 Nf6 4. d3 h6 5. c3 d6 6. Bb3 g5 7. Nbd2 Bg7 8. Nf1
Be6 9. Ng3 Qd7 10. h4 g4 11. Nd2 d5 12. Qe2 O-O-O 13. Ba4 Kb8 14. O-O dxe4 15.
dxe4 Qd6 16. Nc4 Qc5 17. Ne3 h5 18. Nef5 Bc4 19. Qe3 Qxe3 20. Bxe3 Bxf1 21. Rxf1
Bf8 22. Bxc6 bxc6 23. Bg5 Rg8 24. Bxf6 Re8 25. Nxh5 Bc5 26. b4 Bb6 27. a4 a5 28.
bxa5 Bxa5 29. Ne7 1-0

[Event "Mondiale Lampo FIDE 2019"]
[Site "Mosca"]
[Date "29.12.2019"]
[Round "12.77"]
[White "Tregubov, Pavel V."]
[Black "Zarnicki, Pablo"]
[Result "0-1"]
[WhiteTitle "GM"]
[BlackTitle "GM"]
[WhiteElo "2588"]
[BlackElo "2514"]
[WhiteFideId "4115341"]
[BlackFideId "100137"]
[EventDate "2019.12.29"]

1. e4 e5 2. Nf3 Nf6 3. Nxe5 d6 4. Nf3 Nxe4 5. c4 Be7 6. d4 O-O 7. Bd3 Ng5 8.
Nxg5 Bxg5 9. O-O Bxc1 10. Qxc1 Nc6 11. Qc3 d5 12. Rd1 Bg4 13. f3 Be6 14. c5 Ne7
15. Qc2 g6 16. Nc3 c6 17. b4 Bf5 18. b5 Bxd3 19. Qxd3 Nf5 20. Rab1 Re8 21. bxc6
bxc6 22. Qa6 Qg5 23. Kh1 Qe3 24. Qd3 Qf2 25. Qd2 Qh4 26. Kg1 Re6 27. Qf2 Qf6 28.
Rd3 Rae8 29. Rbd1 h5 30. g3 Kg7 31. a4 a5 32. Rb1 Re3 33. Rbd1 R3e6 34. Rb1 h4
35. g4 Ne3 36. h3 g5 37. Re1 Nc4 38. Rxe6 Qxe6 39. Kg2 Rb8 40. Nd1 Rb1 41. Ne3
Rb2 42. Nf5+ Kf6 0-1

[Event "Mondiale Lampo FIDE 2019"]
[Site "Mosca"]
[Date "29.12.2019"]
[Round "12.78"]
[White "Rychagov, Andrey"]
[Black "Kovalev, Vladislav"]
[Result "1-0"]
[WhiteTitle "GM"]
[BlackTitle "GM"]
[WhiteElo "2545"]
[BlackElo "2662"]
[WhiteFideId "4119932"]
[BlackFideId "13504398"]
[EventDate "2019.12.29"]

1. d4 Nf6 2. c4 g6 3. Nc3 Bg7 4. e4 d6 5. Nf3 O-O 6. Be2 Na6 7. O-O e5 8. Re1
Qe8 9. Bf1 Bg4 10. d5 Nb4 11. Be2 a5 12. a3 Na6 13. Nd2 Bxe2 14. Qxe2 a4 15. b4
axb3 16. Nxb3 Nd7 17. Be3 f5 18. f3 b6 19. a4 Ndc5 20. Nxc5 Nxc5 21. Qc2 Ra5 22.
Nb5 Qe7 23. Bd2 Ra6 24. a5 fxe4 25. fxe4 Rfa8 26. Bb4 Bh6 27. Bxc5 dxc5 28. Qd3
Rxa5 29. Rxa5 Rxa5 30. Rf1 Qd7 31. Qf3 Ra8 32. Qg3 Bf4 33. Qd3 Kg7 34. g3 Bg5
35. Qc3 Qe7 36. Ra1 Rf8 37. Rf1 Rd8 38. Ra1 Rf8 39. Rf1 Rxf1+ 40. Kxf1 h5 41.
Qa1 Be3 42. Ke2 Bd4 43. Qa7 Qg5 44. Qxc7+ Kh6 45. Nxd4 cxd4 46. Qc8 Qe3+ 47. Kd1
Qd3+ 48. Kc1 Qe3+ 49. Kb2 Qc3+ 50. Ka2 Qc2+ 51. Ka3 Qc3+ 52. Ka2 Qc2+ 53. Ka3
Qc1+ 54. Ka2 Qd2+ 55. Kb3 Qd3+ 56. Ka4 Qxe4 57. d6 Qc2+ 58. Kb5 Qb3+ 59. Ka6 d3
60. d7 d2 61. Qh8+ Kg5 62. d8=Q+ Kg4 63. Qh4+ Kf3 64. Qf8+ Kg2 65. Qe4+ Kh3 66.
Qc8+ Kxh2 67. Qe2+ Kg1 68. Qxd2 Qa4+ 69. Kb7 Qa3 70. Qcd7 Qf3+ 71. Q7d5 e4 72.
Qe1+ Kg2 73. Qdxe4 1-0

[Event "Mondiale Lampo FIDE 2019"]
[Site "Mosca"]
[Date "29.12.2019"]
[Round "12.79"]
[White "Potkin, Vladimir"]
[Black "Ismagambetov, Anuar"]
[Result "1-0"]
[WhiteTitle "GM"]
[BlackTitle "GM"]
[WhiteElo "2583"]
[BlackElo "2528"]
[WhiteFideId "4131061"]
[BlackFideId "13701525"]
[EventDate "2019.12.29"]

1. d4 Nf6 2. c4 g6 3. Nc3 Bg7 4. e4 d6 5. Nf3 O-O 6. h3 c5 7. d5 e5 8. Bg5 a6 9.
Qd2 Kh8 10. Bd3 Qe8 11. a4 Ng8 12. a5 f6 13. Bh4 Bh6 14. Qc2 f5 15. Na4 fxe4 16.
Bxe4 Nd7 17. O-O Rb8 18. Rab1 Ndf6 19. Nc3 Nxe4 20. Nxe4 Bf5 21. Rfe1 b5 22.
axb6 Rxb6 23. Qc3 Qb8 24. b3 Bg7 25. Nfg5 Nf6 26. f3 Qc8 27. Rbd1 h6 28. Ne6
Nxe4 29. Rxe4 Bxe6 30. dxe6 Qxe6 31. Rd3 Rf4 32. Qe1 Qf5 33. Bg3 Rxe4 34. fxe4
Qf8 35. Qd2 Kh7 36. Kh2 h5 37. Qe2 Bh6 38. Rf3 Qe7 39. Qf2 Rb7 40. Bh4 Qd7 41.
Rf6 Bg7 42. Rf3 Qc6 43. Qe2 Rd7 44. Bg5 Qb7 45. Qd3 Qc6 46. Qe2 Kg8 47. Qd3 Rf7
48. Rxf7 Kxf7 49. Qf3+ Ke8 50. Qd3 Bf8 51. Qf3 Be7 52. Bd2 Qb7 53. Qd3 Kd7 54.
Qf3 Kd8 55. Qd3 Qd7 56. Qd5 Kc7 57. Ba5+ Kb8 58. Qg8+ Ka7 59. Qxg6 h4 60. Qf7
Qb7 61. Qe6 Bg5 62. Qxd6 Bf4+ 63. Kh1 Be3 64. Qc7 Bf4 65. Qxb7+ Kxb7 66. Kg1
Be3+ 67. Kf1 Kc6 68. Ke2 Kd6 69. Kxe3 1-0

[Event "Mondiale Lampo FIDE 2019"]
[Site "Mosca"]
[Date "29.12.2019"]
[Round "12.80"]
[White "Studer, Noel"]
[Black "Reshetnikov, Alexey"]
[Result "0-1"]
[WhiteTitle "GM"]
[BlackTitle "IM"]
[WhiteElo "2546"]
[BlackElo "2492"]
[WhiteFideId "1319620"]
[BlackFideId "4162080"]
[EventDate "2019.12.29"]

1. d4 d6 2. e4 Nf6 3. Bd3 e5 4. c3 Nc6 5. Ne2 d5 6. exd5 Qxd5 7. O-O e4 8. Nf4
Qf5 9. Re1 Bd6 10. f3 Bxf4 11. Bxe4 Bxh2+ 12. Kxh2 Qh5+ 13. Kg1 O-O 14. Bxc6
bxc6 15. Bf4 Nd5 16. Bh2 Qg6 17. Nd2 Bh3 18. Qe2 Rab8 19. Nc4 f6 20. Qf2 Rfe8
21. Qg3 Qd3 22. Qxh3 Qxc4 23. Qd7 Re2 24. Rxe2 Qxe2 25. Qxc6 Ne3 26. Qe6+ Kh8
27. Qh3 h6 28. b4 Qb2 29. Re1 Qxc3 30. Bg3 Nc2 31. Re7 Qxb4 32. Rd7 Ne3 33. Be1
Qxe1+ 0-1

[Event "Mondiale Lampo FIDE 2019"]
[Site "Mosca"]
[Date "29.12.2019"]
[Round "12.81"]
[White "Gukesh, D"]
[Black "Narayanan, Srinath"]
[Result "1-0"]
[WhiteTitle "GM"]
[BlackTitle "GM"]
[WhiteElo "2547"]
[BlackElo "2529"]
[WhiteFideId "46616543"]
[BlackFideId "5018420"]
[EventDate "2019.12.29"]

1. Nf3 d5 2. g3 g6 3. c4 d4 4. b4 c5 5. bxc5 Nc6 6. Bb2 e5 7. d3 Bxc5 8. Bg2 f5
9. Nbd2 Nf6 10. O-O a5 11. Nb3 Ba7 12. a4 Be6 13. Ba3 Nd7 14. Qd2 h6 15. Rab1
Qc7 16. Rb2 Kf7 17. Rfb1 Rab8 18. Nc1 Bc5 19. Bxc5 Nxc5 20. Ra1 Kg7 21. Nb3 Na6
22. e3 dxe3 23. Qxe3 Bf7 24. Nc5 Nab4 25. d4 e4 26. Nd2 b6 27. Ncb3 Rbd8 28. f4
Rhe8 29. d5 Nd3 30. dxc6 Nxb2 31. Qc3+ Kh7 32. Qxb2 Qxc6 33. Re1 Rd3 34. Nc1 Rd7
35. Nf1 Bxc4 36. Ne3 Bf7 37. g4 Be6 38. gxf5 gxf5 39. Ne2 Qc5 40. Ng3 Rd3 41.
Nxe4 Qd4 42. Qxd4 Rxd4 43. Nf6+ Kg6 44. Nxe8 Rxa4 45. Nc7 Bf7 46. Ned5 Rc4 47.
Nb5 Bxd5 48. Bxd5 Rc5 49. Re6+ Kg7 50. Re7+ Kg6 51. Nc7 a4 52. Re6+ Kh5 53. Bf3+ 1-0

[Event "Mondiale Lampo FIDE 2019"]
[Site "Mosca"]
[Date "29.12.2019"]
[Round "12.82"]
[White "Harsha, Bharathakoti"]
[Black "Tengis, Tsog-Ochir"]
[Result "1-0"]
[WhiteTitle "GM"]
[BlackTitle "FM"]
[WhiteElo "2523"]
[BlackElo "2190"]
[WhiteFideId "5078776"]
[BlackFideId "4902718"]
[EventDate "2019.12.29"]

1. f4 g5 2. fxg5 h6 3. g6 fxg6 4. d4 d5 5. Nc3 Bg7 6. Nf3 Bf5 7. Nh4 e5 8. Nxf5
gxf5 9. e3 exd4 10. Qh5+ Kf8 11. Qxf5+ Qf6 12. Qc8+ Kf7 13. Qxc7+ Qe7 14. Nxd5
Be5 15. Qxe7+ Nxe7 16. Bc4 Ke8 17. exd4 Bd6 18. O-O Nbc6 19. c3 Rc8 20. Nf6+ Kd8
21. Be6 Rc7 22. Ne4 Ng6 23. Nxd6 Ke7 24. Bf5 Nh4 25. Bf4 1-0

[Event "Mondiale Lampo FIDE 2019"]
[Site "Mosca"]
[Date "29.12.2019"]
[Round "12.83"]
[White "Kryakvin, Dmitry"]
[Black "Sutovsky, Emil"]
[Result "0-1"]
[WhiteTitle "GM"]
[BlackTitle "GM"]
[WhiteElo "2596"]
[BlackElo "2643"]
[WhiteFideId "4153278"]
[BlackFideId "2802007"]
[EventDate "2019.12.29"]

1. d4 Nf6 2. Bg5 e6 3. e4 h6 4. Bxf6 Qxf6 5. c3 d6 6. Bc4 Bd7 7. Nd2 Nc6 8. Ne2
g5 9. O-O h5 10. f4 gxf4 11. Nxf4 Qg5 12. Kh1 O-O-O 13. Qe2 Bh6 14. Nb3 Qg4 15.
Qf2 Rdg8 16. Be2 Qg5 17. Nh3 Qg6 18. Bf3 Ne7 19. e5 Nf5 20. Rae1 d5 21. Nc5 Bb5
22. Rg1 h4 23. a4 Ng3+ 24. hxg3 hxg3 25. Qf1 Bxf1 26. Rgxf1 Bd2 27. Re2 Bf4 28.
Kg1 Qh6 29. Rd1 Be3+ 30. Kf1 Qf4 31. Nd3 Rxh3 0-1

[Event "Mondiale Lampo FIDE 2019"]
[Site "Mosca"]
[Date "29.12.2019"]
[Round "12.84"]
[White "Utegaliyev, Azamat"]
[Black "Tissir, Mohamed"]
[Result "1-0"]
[BlackTitle "IM"]
[WhiteElo "2502"]
[BlackElo "2379"]
[WhiteFideId "13702467"]
[BlackFideId "9000240"]
[EventDate "2019.12.29"]

1. Nf3 Nf6 2. b4 g6 3. Bb2 Bg7 4. c4 O-O 5. e3 c6 6. d4 a5 7. bxa5 Qxa5+ 8. Nbd2
d5 9. Be2 dxc4 10. Bxc4 Ne4 11. O-O Nxd2 12. Qxd2 Qxd2 13. Nxd2 Nd7 14. a4 e5
15. d5 Nb6 16. dxc6 bxc6 17. Bb3 Rd8 18. Ne4 Nd5 19. Nc5 Rb8 20. Rfc1 Nb4 21.
Rd1 Bg4 22. Rxd8+ Rxd8 23. a5 Bf8 24. Ne4 Bc8 25. Bxe5 Bg7 26. Bxg7 Kxg7 27. Nc5
Na6 28. Na4 Rd2 29. Bc4 Rc2 30. Bd3 Rd2 31. Bxa6 Bxa6 32. Nc5 Bb5 33. a6 Bxa6
34. Nxa6 Rc2 35. Nb4 Rc4 36. Nd3 c5 37. g3 Rc3 38. Ne5 Kf6 39. Nf3 Rc2 40. g4 h6
41. Kf1 Ke6 42. e4 f5 43. Ra6+ Kf7 44. Ne5+ Ke8 45. gxf5 gxf5 1-0

[Event "Mondiale Lampo FIDE 2019"]
[Site "Mosca"]
[Date "29.12.2019"]
[Round "12.85"]
[White "Gundavaa, Bayarsaikhan"]
[Black "Krsnik Cohar, Ivan Vihor"]
[Result "1/2-1/2"]
[WhiteTitle "GM"]
[BlackTitle "FM"]
[WhiteElo "2489"]
[BlackElo "2313"]
[WhiteFideId "4901045"]
[BlackFideId "14520044"]
[EventDate "2019.12.29"]

1. e4 c6 2. Nf3 d5 3. Nc3 dxe4 4. Nxe4 Bg4 5. h3 Bxf3 6. Qxf3 e6 7. c3 Nd7 8. d4
Ngf6 9. Nxf6+ Qxf6 10. Qe4 Qg6 11. Bd3 Qxe4+ 12. Bxe4 Nf6 13. Bf3 Be7 14. Ke2
O-O 15. a4 Rfe8 16. a5 a6 17. Bf4 Rad8 18. Rhd1 Bd6 19. Bg5 Be7 20. Rd3 h6 21.
Bd2 Bd6 22. Rd1 Bc7 23. b4 e5 24. dxe5 Bxe5 25. Be3 Bc7 26. Rxd8 Rxd8 27. Rxd8+
Bxd8 28. Kd3 Kf8 29. Kc4 Ke7 30. Bd4 Kd7 31. Kd3 Be7 32. g3 Ne8 33. Bg4+ Kc7 34.
Bh5 g6 35. Bd1 Bf6 36. Bb3 Bxd4 37. Kxd4 Nd6 38. Ke5 Kd7 39. g4 Ke7 40. f4 Nb5
41. c4 Nc7 42. f5 f6+ 43. Ke4 g5 44. Kd4 Kd6 45. c5+ Ke7 46. Bc4 Kd7 47. Ke4 Ne8
48. Be6+ Kd8 49. Kd4 Nc7 50. Bc4 Ke7 51. Ke4 Ne8 52. Kd4 Ng7 53. Ke4 h5 54. Be2
hxg4 55. hxg4 Ne8 56. Bc4 Kd7 57. Be6+ Kd8 58. Kd4 Ng7 59. Bf7 Ke7 60. Bc4 Ne8
61. Ke4 Nc7 62. Kd4 1/2-1/2

[Event "Mondiale Lampo FIDE 2019"]
[Site "Mosca"]
[Date "29.12.2019"]
[Round "12.86"]
[White "Atabayev, Saparmyrat"]
[Black "Shcherbakov, Ruslan"]
[Result "1-0"]
[WhiteTitle "IM"]
[BlackTitle "GM"]
[WhiteElo "2425"]
[BlackElo "2527"]
[WhiteFideId "14000571"]
[BlackFideId "4102240"]
[EventDate "2019.12.29"]

1. d4 Nf6 2. c4 e6 3. Nf3 b6 4. Bg5 Bb7 5. Nbd2 Be7 6. e3 h6 7. Bh4 Ne4 8. Bxe7
Qxe7 9. Bd3 Nxd2 10. Qxd2 d6 11. O-O-O Nd7 12. Kb1 O-O-O 13. Qc2 Kb8 14. Be4 d5
15. cxd5 exd5 16. Bd3 Rc8 17. Rc1 c5 18. dxc5 bxc5 19. Bf5 Rc7 20. Bxd7 Qxd7 21.
Qc3 f6 22. Rhd1 Rhc8 23. Ka1 d4 24. Qd2 Qg4 25. exd4 Qxg2 26. Ne1 Qd5 27. dxc5
Qxd2 28. Rxd2 Rxc5 29. Rxc5 Rxc5 30. Nd3 Rd5 31. Kb1 Rh5 32. Kc1 Rxh2 33. Nc5
Bc6 34. Ne6 Rh1+ 35. Kc2 Be4+ 36. Kb3 Rh3+ 37. Kc4 Rh4 38. Nxg7 f5 39. Kc5 Rh1
40. Ne6 Rc1+ 41. Kd6 h5 42. Rd4 a5 43. Nc5 h4 44. Nxe4 fxe4 45. Rxe4 h3 46. Rh4
Rh1 47. Kc5 h2 48. Kb6 Rb1 49. Rh8# 1-0

[Event "Mondiale Lampo FIDE 2019"]
[Site "Mosca"]
[Date "29.12.2019"]
[Round "12.87"]
[White "Atabayev, Maksat"]
[Black "Huzman, Alexander"]
[Result "1/2-1/2"]
[WhiteTitle "GM"]
[BlackTitle "GM"]
[WhiteElo "2475"]
[BlackElo "2567"]
[WhiteFideId "14001101"]
[BlackFideId "2803828"]
[EventDate "2019.12.29"]

1. Nf3 Nf6 2. b3 d6 3. Bb2 e5 4. d3 g6 5. e3 Bg7 6. Be2 O-O 7. O-O Re8 8. Nbd2
Nbd7 9. c4 a5 10. Qc2 Nc5 11. a3 Bf5 12. b4 Ncd7 13. e4 Bg4 14. h3 Bxf3 15. Bxf3
Nf8 16. Nb3 axb4 17. axb4 Ne6 18. g3 Nd7 19. Bg2 c6 20. h4 Qc7 21. Qe2 c5 22. b5
Nd4 23. Bxd4 cxd4 24. h5 Nc5 25. Nxc5 Qxc5 26. Bh3 Ra3 27. Rad1 Rea8 28. f4 exf4
29. hxg6 hxg6 30. gxf4 Qb4 31. e5 Ra2 32. Qf3 Qb2 33. Bg2 dxe5 34. fxe5 Rf8 35.
Rde1 b6 36. Rf2 Qxf2+ 37. Qxf2 Rxf2 38. Kxf2 Re8 39. c5 bxc5 40. b6 Bxe5 41. b7
f6 42. Bc6 Rb8 43. Rh1 Kg7 44. Kf3 f5 45. Bd5 g5 46. Re1 Kf6 47. Rb1 g4+ 48. Kg2
f4 49. Rb6+ Kf5 50. Be4+ Kg5 51. Rg6+ Kh5 52. Re6 f3+ 53. Kf2 Bf4 54. Rf6 Bc7
55. Rc6 Bf4 56. Rf6 Bc7 57. Rf7 Bd6 58. Rf6 Bc7 59. Rf7 Bd6 60. Rf6 Bc7 61. Rc6
Bf4 62. Rf6 Bc7 63. Rf7 Bd6 64. Rd7 Bf4 65. Rf7 Bd6 66. Bf5 Rh8 67. Rg7 g3+ 68.
Kxf3 Bb8 69. Bc8 Rf8+ 70. Ke4 1/2-1/2

[Event "Mondiale Lampo FIDE 2019"]
[Site "Mosca"]
[Date "29.12.2019"]
[Round "12.88"]
[White "Mesropov, Konstantin"]
[Black "Vishnu Prasanna, V"]
[Result "0-1"]
[WhiteTitle "IM"]
[BlackTitle "GM"]
[WhiteElo "2422"]
[BlackElo "2493"]
[WhiteFideId "4116887"]
[BlackFideId "5030692"]
[EventDate "2019.12.29"]

1. d4 Nf6 2. Bg5 c5 3. Bxf6 gxf6 4. d5 Qb6 5. Qc1 d6 6. c4 Nd7 7. Nc3 f5 8. e3
Bg7 9. Qc2 Ne5 10. Nh3 Bd7 11. Nf4 Rg8 12. Be2 a6 13. Rb1 O-O-O 14. a3 Kb8 15.
O-O Ka8 16. Kh1 Rc8 17. Rfd1 Bh8 18. g3 Ng4 19. Bf3 h5 20. h4 e6 21. dxe6 fxe6
22. Qe2 Be5 23. Bg2 Rg7 24. Nd3 Bc6 25. Nxe5 dxe5 26. e4 f4 27. Rd3 Rf8 28. Rf1
Rgf7 29. Rf3 Rd8 30. Bh3 Rd4 31. Bg2 Qd8 32. b4 Rd2 33. Qe1 Rb2 34. b5 axb5 35.
cxb5 Bxb5 36. Nxb5 Rxb5 37. Qe2 Rb6 38. Rd3 Rd7 39. Rxd7 Qxd7 40. Bf3 Qd4 41.
Bxg4 hxg4 42. Rd1 Rb2 43. Rxd4 Rxe2 44. Rd8+ Ka7 45. Kg1 Re1+ 46. Kg2 f3+ 47.
Kh2 Re2 48. Kg1 Re1+ 49. Kh2 Rf1 50. Rd2 Rc1 51. h5 c4 52. h6 c3 53. Rd8 Rf1 54.
h7 Rxf2+ 55. Kg1 Rg2+ 56. Kf1 c2 57. Rc8 Rh2 58. Rxc2 Rxh7 59. Rc5 Rh1+ 60. Kf2
Rh2+ 61. Ke3 Re2+ 62. Kd3 Re1 0-1

[Event "Mondiale Lampo FIDE 2019"]
[Site "Mosca"]
[Date "29.12.2019"]
[Round "12.89"]
[White "Yagupov, Igor"]
[Black "Moiseenko, Vadim"]
[Result "0-1"]
[WhiteTitle "GM"]
[BlackTitle "GM"]
[WhiteElo "2357"]
[BlackElo "2526"]
[WhiteFideId "4113632"]
[BlackFideId "4123700"]
[EventDate "2019.12.29"]

1. e4 e5 2. Nf3 Nc6 3. Bb5 a6 4. Ba4 b5 5. Bb3 Na5 6. O-O d6 7. a4 Nxb3 8. cxb3
Bb7 9. d4 Nf6 10. dxe5 Nxe4 11. Re1 dxe5 12. Qc2 f5 13. Nxe5 Bd6 14. Nc6 Qh4 15.
g3 Qh3 16. f3 Bxg3 17. hxg3 Qxg3+ 18. Kf1 Qxf3+ 19. Kg1 Qg3+ 20. Kf1 O-O 21. Re3
Qf4+ 22. Kg1 Bxc6 23. Qxc6 Qf2+ 24. Kh1 Rad8 25. Nc3 Rd6 0-1

[Event "Mondiale Lampo FIDE 2019"]
[Site "Mosca"]
[Date "29.12.2019"]
[Round "12.90"]
[White "Mikhailovsky, Vladimir"]
[Black "Batchuluun, Tsegmed"]
[Result "0-1"]
[WhiteTitle "CM"]
[BlackTitle "GM"]
[WhiteElo "2209"]
[BlackElo "2530"]
[WhiteFideId "34105414"]
[BlackFideId "4900847"]
[EventDate "2019.12.29"]

1. Nc3 d5 2. e4 d4 3. Nce2 c5 4. d3 Nc6 5. f4 g6 6. Nf3 Bg7 7. g3 e5 8. Bg2 Nge7
9. O-O O-O 10. fxe5 Nxe5 11. Nxe5 Bxe5 12. Bh6 Bg7 13. Bxg7 Kxg7 14. Nf4 Nc6 15.
Qd2 Be6 16. Rf2 Ne5 17. h3 Qe7 18. Raf1 Rae8 19. Kh2 b6 20. b3 Qd6 21. Kg1 f6
22. a4 a5 23. g4 Rf7 24. Ne2 Ref8 25. Qf4 Qc7 26. Bf3 Nc6 27. Qd2 Ne5 28. Kg2
Rh8 29. Qf4 Nc6 30. Qd2 h6 31. Nf4 Qd6 32. Rg1 Rhf8 33. Kf1 Ne5 34. h4 Bd7 35.
Bd1 Bc8 36. Be2 Bd7 37. Ke1 b5 38. axb5 Bxb5 39. Qxa5 Bc6 40. Kd2 Ra8 41. Qb6
Rb7 42. Qxb7+ Bxb7 43. g5 fxg5 44. hxg5 h5 45. Bxh5 Rf8 46. Be2 Rxf4 47. Rxf4
Nc4+ 48. bxc4 Qxf4+ 49. Kd1 Bc8 50. Rg2 Bh3 51. Rg1 Qf2 52. Rh1 Qg2 53. Re1 Qxg5
54. Bf3 Bg4 55. Bxg4 Qxg4+ 56. Kd2 Kf6 57. Rf1+ Ke5 58. Ke1 Qg2 59. Rf2 Qg1+ 60.
Ke2 Qc1 61. Kf3 Qe3+ 62. Kg2 g5 63. Rf3 Qd2+ 64. Rf2 Qc1 65. Rf5+ Kd6 66. Rf6+
Ke7 67. Rf2 g4 68. Re2 Qf4 69. Rf2 Qe3 70. Rf5 Kd6 71. Rf6+ Kc7 72. Rf5 Kb6 73.
e5 Ka5 74. e6 Kb4 75. Rf6 Kc3 76. Rg6 Kxc2 77. Rxg4 Qxd3 78. Rf4 Qe3 79. Rf2+
Kd1 80. Rf6 d3 81. Rf1+ Kc2 82. Rf2+ d2 83. Rf3 Qxe6 0-1